Fishes - Statistics

General Stats
  • This quiz has been taken 12 times
  • The average score is 4 of 10
Answer Stats
Hint Answer % Correct
freshwater bass
75%
freshwater catfish
63%
freshwater carp
50%
saltwater shark
50%
freshwater sunfish
50%
freshwater bluegill
38%
freshwater gar
25%
freshwater crappie
13%
saltwater grouper
13%
saltwater tarpon
13%
No matching quizzes found
Score Distribution
Percent of People with Each Score
Percentile by Number Answered
Your Score History
You have not taken this quiz